Quizzes
Events
Quiz Creation
Community
Videos
Private Events
Remove Ads
Sign In
Join for FREE
Feedback
Dark Mode
Quiz Categories
Sports
Geography
Music
Movies
Television
Just For Fun
Miscellaneous
History
Literature
Language
Science
Gaming
Entertainment
Religion
Holiday
For Kids
Quiz Lab
Recent
Popular Today
Quiz Kudos Today
Editor Picks
Curator Picks
Quizzes by...
Day
Popularity
Type
Ratings
Length
Year
Community
Subscriptions
Recent Discussions
Orange Saloon
Badges
Playlists
Quests
Create
Leaderboards
Showdown
Live 5
Trivia Bingo
Activity
Puzzle Library
Sporcle Events
Private Events
Virtual Trivia
Globe League
Become a Host
Pub Owners
SporcleCon
Opinionation
Our Games
Videos
Blog
Mobile Apps
Partnerships
Remove Ads and Go Orange
Feedback
Music
Pop Music
The Beatles
Song
Album
Lyrics
Bands
Singers
Artist
Clip
Rock
Rap
Classical
Billboard
Country Music
Kpop
Taylor Swift
Music
Pop Music
The Beatles
Song
Album
Lyrics
Bands
Singers
Artist
Clip
Rock
Rap
Classical
Billboard
Country Music
Kpop
Taylor Swift
Random Quiz
Search Sporcle
×
Quiz Lab
Quiz Lab
Music
Rock
Type in answers that appear in a list
Type in answers that appear in a list
Classic
Best Score? Go Orange.
Musical festivals in Norway Stats
Can you name the Norwegian Musical Festivals?
By
Fjons
10m
40 Questions
85 Plays
85 Plays
85 Plays
Comments
Comments
Give Quiz Kudos
Give Quiz Kudos
-
- Ratings
hide this ad
More Info
Replay
Link that replays current quiz
Next Quiz
Link to next quiz in quiz playlist
You Got
0%
They Got
Avg Score
16%
Avg Friend Score
Upgrade to see
Score Distribution
Jump to the score distribution portion of the page
Score
0/40
Timer
10:00
0
Plays Today
Location
Name of Festival
% Correct
Oslo
Øyafestivalen
89.4%
Arendal
Hovefestivalen
65.9%
Molde
Molde International Jazz Festival
54.1%
Kristiansand
Quart-festivalen
45.9%
Tønsberg
Slottsfjellfestivalen
40%
Notodden
Notodden Blues Festival
38.8%
Haugesund
Sildajazz
25.9%
Tromsø
Døgnvillfestivalen
21.2%
Voss
Vossajazz
20%
Oslo
by:Larm
18.8%
Kongsberg
Kongsberg Jazzfestival
17.6%
Eid
Malakoff Rockfestival
17.6%
Åndalsnes
RaumaRock
16.5%
Bergen
Festspillene i Bergen
15.3%
Bodø
Parkenfestivalen
15.3%
Oslo
Oslo Jazzfestival
12.9%
Oslo
Inferno Metal Festival
9.4%
Arendal
Canal Street
8.2%
Harstad
Festspillene i Nord-Norge
8.2%
Balestrand
Balejazz
7.1%
Location
Name of Festival
% Correct
Førde
Førde Internasjonale Folkemusikkfestival
7.1%
Lofoten
Lofoten Internasjonale Kammermusikkfest
7.1%
Askøy
Lost Weekend
7.1%
Oslo
Oslo Live
7.1%
Bodø
Bodø Hardcore Festival
5.9%
Oslo
Melafestivalen
5.9%
Lakselv
Midnattsrocken
5.9%
Alta
Aronnesrocken
4.7%
Øystese
Bygdalarm
4.7%
Gloppen
Norsk Country Treff
4.7%
Kristiansund
Tahitifestivalen
4.7%
Lillehammer
DølaJazz
3.5%
Bergen
Ekko
3.5%
Oslo
GranittRock
3.5%
Hamar
Hamar Music Festival
3.5%
Bergen
Hole in the Sky
3.5%
Bergen
Nattjazz
3.5%
Vadsø
Varangerfestivalen
3.5%
Stavanger
MaiJazz
2.4%
Stavanger
Kammermusikkfestivalen i Stavanger
1.2%
Quiz Playlist
Details
Report
Send in Message
Add To Playlist
More Info:
This is a selection of festivals in Norway.
Classic:
Type in answers that appear in a list
Quiz Source
Last Updated: Feb 16, 2017
Quiz Scoreboard
CHALLENGE
Sign Up to Join the Scoreboard
Show All
Scores
Hide
Comments
May contain spoilers
Recently Published
College Basketball Coaching Resumes
by pancakes188
Sports
9m
Billboard Blitz: Fleetwood Mac
by CooCooCachoo
Music
15s
Presidents Visiting Landmarks
by Hejman
History
7m
More to Explore
Quiz From the Vault
Featured Blog Post
Where Did the Easter Bunny Come From?
hide this ad
You Might Also Like...
Tags
Pop Music Quiz
Rock Quiz
Bergen
Concert
Festival
Jazz
Norway
Norwegian
oslo
Scandinavia
Scandinavian
Today's Top Quizzes in Music
Browse Music
hide this ad
Today's Top Quizzes in Rock
Browse Rock
Top Contributed Quizzes in Music
1
Taylor Swift All Songs (2024)
2
7-to-1: Billboard Hot 100 #1 Hits of 2010s
3
Guess the Artist- 70s Songs
4
Sorting Albums and Songs
5
Taylor Swift Logic Puzzle
6
KPOP LOGIC QUIZ
7
Guess the Taylor Swift song (Mystery Song)
8
2010s Album by Cover III
9
One Thing in Common: Music
10
Guess The Taylor Swift Lyrics Song #1
Explore More
Trending Topics
NBA
Marvel
Harry Potter
Anime
Crossword
Kpop
Disney
The Office
NFL
Country
Soccer
WWE
Song
Puzzle
Pokémon
hide this ad
More By:
Fjons
Quiz
Plays
Rating
Category
Featured
Created
Islands of Denmark
959
5.00
Geography
Mar 9, 2011
Regions of Denmark
764
4.00
Geography
Mar 10, 2011
Municipalities of Denmark
723
5.00
Geography
Mar 10, 2011
Movie Titles in Norwegian
381
3.50
Movies
Feb 21, 2011
Hanseatic Cities
332
5.00
History
Feb 24, 2011
Go to Creator's Profile
Score Distribution
Quiz Creator Spotlight
Fjons
Follow
Send a Message
Quizzes Created
-
Created Quiz Play Count
-
More By This Creator
Popular Quizzes Today
1
Find the US States - No Outlines Minefield
2
Find the Countries of Europe - No Outlines Minefield
3
The Countries of the World
4
Find the US States
5
Risky Map Clicking: Biggest States A-Z
6
US States
7
Popular People in 1961
8
Movies - When Are They Set?
More Music Quizzes
Can You Fill Me In? 1980s Songs IX
Quiz Lab
Trending Quizzes
Risky Map Clicking: Least Populous States A-Z
1-10 Letter G Words
1-10 Letter F Words
Risky Map Clicking: Next State Alphabetically
Risky Map Clicking: Biggest States A-Z
Recently Updated
Leaping Animals
pecheneg
Reality TV Shows (A-Z)
bhenderson79
Rickey Henderson's Hall of Fame Teammates
pecheneg
Champions League XIs: Arsenal
pecheneg
Quick Pick: Celebrities in WWE's Hall of Fame
aduchscher
A-Z Keypad Blitz II
pecheneg
Multiple Oscar Actors
pecheneg
Mystery Phrase Blitz: Oscar 'Best Actors'
pecheneg
F. Scott Fitzgerald Novels
LTH
Pick 3 Villains
ddd62291
Trending Topics
NBA
Kpop
Marvel
Crossword
Harry Potter
Disney
Anime
Soccer
WWE
Puzzle
Pokémon
NFL
Song
The Office
Country
Your Account Isn't Verified!
In order to create a playlist on Sporcle, you need to verify the email address you used during registration. Go to your
Sporcle Settings
to finish the process.
Report this User
Report this user for behavior that violates our
Community Guidelines
.
Details:
Send Report
Go to the Sporcle.com Mobile Site →
Comments